Contabilidad social y ambiental (Registro nro. 6589)

Detalles MARC
000 -LEADER
fixed length control field 01178 a2200253 4500
001 - CONTROL NUMBER
control field 59042
005 - DATE AND TIME OF LATEST TRANSACTION
control field 20260407155845.0
008 - FIXED-LENGTH DATA ELEMENTS--GENERAL INFORMATION
fixed length control field 260407a2023 arg spa d
003 - CONTROL NUMBER IDENTIFIER
control field AR-UNSa-BCEJYS
040 ## - CATALOGING SOURCE
Original cataloging agency AR-UNSa-BCEJYS
Language of cataloging spa
Transcribing agency AR-UNSa-BCEJYS
080 ## - UNIVERSAL DECIMAL CLASSIFICATION NUMBER
Universal Decimal Classification number 657:338.58
Common auxiliary subdivision Contabilidad Social y Ambiental
020 ## - INTERNATIONAL STANDARD BOOK NUMBER
International Standard Book Number 978-987-03-4497-1
041 ## - LANGUAGE CODE
Language code of text/sound track or separate title spa
100 1# - MAIN ENTRY--PERSONAL NAME
Personal name Pahlen Acuña, Ricardo Jose María
245 10 - TITLE STATEMENT
Title Contabilidad social y ambiental
Name of part/section of a work Un giro hacia el bienestar
264 #1 - PRODUCTION, PUBLICATION, DISTRIBUTION, MANUFACTURE, AND COPYRIGHT NOTICE
Place of production, publication, distribution, manufacture Buenos Aires :
Name of producer, publisher, distributor, manufacturer La Ley
Date of production, publication, distribution, manufacture, or copyright notice 2023
300 ## - PHYSICAL DESCRIPTION
Extent xxviii, 291 p.
Dimensions 24 cm.
505 ## - FORMATTED CONTENTS NOTE
Formatted contents note 1. Desarrollo sostenible y responsabilidad social - 2. La disciplina contable frente al paradigma del desarrollo sostenible – 3. Iniciativas voluntarias e internacionales para demostrar la posición de las empresas con respecto a su compromiso con la RS – 4. Marco legal social y ambiental argentino – 5. Gobierno corporativo – 6. Bienes naturales
590 ## - LOCAL NOTE (RLIN)
Local note niveau_biblio:m niveau_hierar:0
700 1# - ADDED ENTRY--PERSONAL NAME
Personal name Campo, Ana María
700 1# - ADDED ENTRY--PERSONAL NAME
Personal name D´onofrio, Paula A.
856 41 - ELECTRONIC LOCATION AND ACCESS
Uniform Resource Identifier <a href="https://www.biblioeco.unsa.edu.ar/pmb/images/libros/L128942.jpg">https://www.biblioeco.unsa.edu.ar/pmb/images/libros/L128942.jpg</a>
Link text Imagen de portada
Electronic format type image/jpeg
942 ## - ADDED ENTRY ELEMENTS (KOHA)
Koha item type
Existencias
Withdrawn status Lost status Damaged status Not for loan Home library Current library Shelving location Date acquired Total checkouts Full call number Barcode Date last seen Price effective from Koha item type
        Biblioteca Prof. Eusebio Cleto del Rey Biblioteca Prof. Eusebio Cleto del Rey   07/04/2026   657:338.58 P141 L128942 07/04/2026 07/04/2026 Libro
        Biblioteca Prof. Eusebio Cleto del Rey Biblioteca Prof. Eusebio Cleto del Rey   07/04/2026   657:338.58 P141 L128943 07/04/2026 07/04/2026 Libro
        Biblioteca Prof. Eusebio Cleto del Rey Biblioteca Prof. Eusebio Cleto del Rey   07/04/2026   657:338.58 P141 L129125 07/04/2026 07/04/2026 Libro